Statystyki dla Wszyscy Agenci w Valorant

Kliknij tutaj aby rozwiązać quiz!

Ogólne statystyki

  • Ten quiz został rozwiązany 413 razy
    (31 od ostatniego zresetowania)
  • Średni wynik to 19 z 24

Statystyki odpowiedzi

Agenci% Poprawnych
Jett
94%
Kay/O
94%
Phoenix
94%
Raze
94%
Brimstone
88%
Killjoy
88%
Neon
88%
Sage
88%
Astra
82%
Omen
82%
Reyna
82%
Gekko
76%
Gekko
76%
Breach
71%
Chamber
71%
Cypher
71%
Iso
71%
Skye
71%
Yoru
71%
Harbor
65%
Viper
65%
Deadlock
59%
Fade
59%
Sova
59%

Rozkład punktacji

Percentyl według liczby udzielonych odpowiedzi

Procent ludzi z każdym wynikiem

Twoja historia wyników

Nie rozwiązałeś tego quizu od ostatniego zresetowania